| 000 | 00403nam a2200145Ia 4500 | ||
|---|---|---|---|
| 008 | 130318s9999 xx 000 0 und d | ||
| 020 | _a9780521670418 | ||
| 082 | _a005.82 GOL/F | ||
| 100 | _aGoldreich, Oded | ||
| 245 | _aFoundations of cryptography: Basic applications. Vol 2 | ||
| 260 |
_bCambridge University Press _aUK _c2004 |
||
| 300 | _a798 | ||
| 650 | _aCRYPTOGRAPHY | ||
| 650 | _aNETWORK SECURITY | ||
| 999 |
_c2478 _d2478 |
||